Statistiques concernant Personnages de Star Wars

Cliquez ici pour prendre le quiz!

Statistiques générales

  • Ce quiz a été pris 3 381 fois
    (3 345 depuis la dernière actualisation)
  • Le résultat moyen est 12 sur 13

Statistiques - réponses

IndiceRéponse% Correct
Fils d'Anakin SkywalkerLuke Skywalker
99%
Contrebandier qui possède le Faucon MilléniumHan Solo
95%
Maitre jedi ayant entraîné AnakinObi Wan Kenobi
95%
Femme d'AnakinPadmé Amidala
95%
Chancelier SuprêmePalpatine
95%
Maitre Jedi exilé sur DagobahYoda
95%
Sith et antagoniste de l'épisode IV, V, VIDark Vador
94%
Princesse d'AlderaanLeia Organa
92%
Maître Jedi au Sabre violetMace Windu
89%
Chasseur de primesBoba Fett
86%
Ancien maître Jedi mort contre Dark MaulQui Gon Jinn
82%
Gungan habitant sur NabooJar Jar Binks
80%
Administrateur de la cité des nuagesLando Calrissian
71%

Distribution des résultats

Percentile par nombre de réponses

% des personnes avec chaque résultat

Votre développement - résultats

Vous n’avez pas pris ce quiz depuis la dernière actualisation